Histoire du drapeau de l'Ukraine - Statistiques

Statistiques générales
  • Ce quiz a été pris 71 fois
    17 depuis la dernière actualisation
  • Le résultat moyen est 7 sur 13
Statistiques - réponses
Hint Réponse % Correct
Ukraine (drapeau actuel depuis 1991)
89%
Principauté de Kiev (1132-1471)
78%
Quatrième drapeau de la république socialiste soviétique d'Ukraine (1949-1991)
78%
Rus' de Kiev (882-1240)
67%
République des Deux Nations (1569-1795)
67%
Grand-duché de Lituanie (1471-1569)
56%
Deuxième drapeau de l'empire Russe (1858-1896)
56%
République populaire ukrainienne (1917-1918 et 1918-1921)
56%
Premier drapeau de l'empire Russe (1795-1858 et 1896-1917) et république russe (1917)
56%
Premier drapeau de la république socialiste soviétique d'Ukraine (1921-1929)
44%
Deuxième drapeau de la république socialiste soviétique d'Ukraine (1929-1937)
33%
Troisième drapeau de la république socialiste soviétique d'Ukraine (1937-1949)
22%
République populaire ukrainienne des soviets (1918)
22%
Aucun quiz correspondant
Distribution des résultats
% des personnes avec chaque résultat
Percentile par nombre de réponses
Votre historique - résultats
Vous n’avez pas pris ce quiz depuis la dernière actualisation